[Event "Gold Coast op"]
[Site "Gold Coast"]
[Date "2013.06.22"]
[Round "1"]
[White "Lapitan, Daniel"]
[Black "Dale, Ari"]
[Result "0-1"]
[WhiteElo "1739"]
[BlackElo "2266"]
[PlyCount "60"]
[EventDate "2013.06.22"]
[EventType "swiss"]
[EventRounds "6"]
[EventCountry "AUS"]
[SourceTitle "CBM 155 Extra"]
[Source "ChessBase"]
[SourceDate "2013.08.26"]
[SourceVersion "1"]
[SourceVersionDate "2013.08.26"]
[SourceQuality "1"]

1. e4 Nf6 2. e5 Nd5 3. Nc3 Nxc3 4. dxc3 d6 5. Bc4 c6 6. Nf3 d5 7. Be2 Bg4 8. Qd4 Bxf3 9. Bxf3 e6 10. 0-0 Nd7 11. Re1 Qb6 12. Qf4 Bc5 13. Bd1 Nf8 14. b4 Be7 15. a3 Ng6 16. Qg3 0-0 17. Be3 Qc7 18. Bg5 Bxg5 19. Qxg5 f6 20. exf6 Rxf6 21. Bg4 e5 22. Qd2 Raf8 23. f3 Nf4 24. g3 h5 25. gxf4 hxg4 26. fxe5 Rxf3 27. Qg5 g3 28. hxg3 Qb6+ 29. Kh1 Qf2 30. Rg1 R3f5 0-1

[Event "Queensland-ch"]
[Site "Brisbane"]
[Date "2012.09.29"]
[Round "4"]
[White "Lapitan, Daniel"]
[Black "Louie, Ryan"]
[Result "0-1"]
[WhiteElo "1744"]
[BlackElo "1810"]
[PlyCount "140"]
[EventDate "2012.09.27"]
[EventType "swiss"]
[EventRounds "9"]
[EventCountry "AUS"]
[SourceTitle "EXT 2013"]
[Source "ChessBase"]
[SourceDate "2012.11.22"]
[SourceVersion "1"]
[SourceVersionDate "2012.11.22"]
[SourceQuality "1"]

1. e4 c5 2. Nc3 Nc6 3. g3 d6 4. Bg2 g6 5. d3 Bg7 6. f4 e6 7. Nf3 Nge7 8. Be3 Nd4 9. e5 Nef5 10. Bf2 Nxf3+ 11. Qxf3 0-0 12. exd6 Nd4 13. Qd1 Rb8 14. 0-0 b6 15. Ne4 Nb5 16. d7 Qxd7 17. a4 Nc7 18. Ra2 Bb7 19. b3 Nd5 20. Ra1 f5 21. Ng5 Nc3 22. Qe1 Bxg2 23. Kxg2 Rfe8 24. Nf3 Qd5 25. Qd2 Rbd8 26. Rae1 Qc6 27. Be3 Nd5 28. Re2 Bf6 29. Qc1 Rd7 30. Kh3 Nxe3 31. Qxe3 e5 32. Nxe5 Bxe5 33. fxe5 Qe6 34. Kg2 Qd5+ 35. Kg1 Rde7 36. Rfe1 Qd4 37. Qxd4 cxd4 38. Kf2 Kf7 39. Kf3 Ke6 40. c4 dxc3 41. d4 Kd5 42. Ke3 g5 43. Kd3 a6 44. Kxc3 Rc7+ 45. Kb2 f4 46. gxf4 gxf4 47. Rf2 Rf7 48. e6 Rff8 49. Kc3 Rxe6 50. Rxe6 Kxe6 51. Kc4 Kd6 52. Rf3 b5+ 53. axb5 axb5+ 54. Kd3 Kd5 55. b4 Rf5 56. Rf2 f3 57. Ke3 Rf7 58. Rxf3 Rxf3+ 59. Kxf3 Kxd4 60. Kg4 Kc4 61. h4 Kxb4 62. Kg5 Kc4 63. Kh6 b4 64. Kxh7 b3 65. h5 b2 66. h6 b1Q+ 67. Kg7 Qg1+ 68. Kh8 Qd4+ 69. Kg8 Qd8+ 70. Kf7 Qh8 0-1

[Event "AUS-ch U12"]
[Site "Mooroolbark"]
[Date "2011.01.22"]
[Round "8"]
[White "Kethro, Michael"]
[Black "Lapitan, Daniel"]
[Result "1/2-1/2"]
[WhiteElo "1352"]
[BlackElo "1413"]
[PlyCount "80"]
[EventDate "2011.01.19"]
[EventType "swiss"]
[EventRounds "9"]
[EventCountry "AUS"]
[SourceTitle "EXT 2013"]
[Source "ChessBase"]
[SourceDate "2012.11.22"]
[SourceVersion "1"]
[SourceVersionDate "2012.11.22"]
[SourceQuality "1"]

1. d4 Nf6 2. c4 g6 3. Nc3 Bg7 4. e4 d6 5. Nf3 0-0 6. Be2 e5 7. 0-0 Nc6 8. d5 Ne7 9. Ne1 Nd7 10. f3 f5 11. g4 f4 12. Nd3 g5 13. Bd2 Ng6 14. Be1 a5 15. a3 Nf6 16. b4 h5 17. h3 hxg4 18. fxg4 c6 19. Bf3 Bd7 20. Bf2 Nh7 21. b5 cxb5 22. cxb5 Nh4 23. Bxh4 gxh4 24. a4 Ng5 25. Nf2 Qb6 26. Kg2 Rac8 27. Rc1 Rc7 28. Qe2 Rfc8 29. Na2 Qd4 30. Rxc7 Rxc7 31. Qd1 Nxf3 32. Qxf3 Qxa4 33. b6 Rc8 34. Nc3 Qc2 35. Ncd1 a4 36. Qa3 Bb5 37. Re1 Be2 38. Qxd6 Bxd1 39. Rxd1 Kh7 40. Qe7 Rc3 1/2-1/2

[Event "AUS-ch U12"]
[Site "Mooroolbark"]
[Date "2011.01.22"]
[Round "7"]
[White "Lapitan, Daniel"]
[Black "Gray, Callum James"]
[Result "1-0"]
[WhiteElo "1413"]
[BlackElo "1417"]
[PlyCount "169"]
[EventDate "2011.01.19"]
[EventType "swiss"]
[EventRounds "9"]
[EventCountry "AUS"]
[SourceTitle "EXT 2013"]
[Source "ChessBase"]
[SourceDate "2012.11.22"]
[SourceVersion "1"]
[SourceVersionDate "2012.11.22"]
[SourceQuality "1"]

1. e4 e5 2. Nf3 Nc6 3. c3 d5 4. Qa4 Nf6 5. Nxe5 Bd6 6. Nxc6 bxc6 7. d3 0-0 8. Be2 Re8 9. Bg5 Bd7 10. f4 h6 11. Bxf6 Qxf6 12. 0-0 Bc5+ 13. Kh1 Qg6 14. Bf3 Bg4 15. Bxg4 Qxg4 16. Qxc6 Qe2 17. Na3 Bxa3 18. bxa3 Qxd3 19. exd5 Qg6 20. Qxg6 fxg6 21. Rae1 Kf7 22. Re5 Rad8 23. h4 Rd7 24. c4 Rb8 25. f5 Rb2 26. fxg6+ Kxg6 27. h5+ Kh7 28. Rf8 g6 29. hxg6+ Kxg6 30. Ra8 Rc2 31. Rxa7 Rxc4 32. Ra6+ Kg7 33. a4 Rd4 34. a5 R4xd5 35. Rxd5 Rxd5 36. Ra7 Kf6 37. a4 c5 38. Rc7 c4 39. Rxc4 Rxa5 40. Rb4 h5 41. Kh2 Kg6 42. Kh3 Kh6 43. Kh4 Kg6 44. g3 Kh6 45. Kh3 Kg6 46. Kg2 Kf6 47. Kf3 Kg6 48. Ke3 Kh6 49. Rb6+ Kg7 50. Rb5 Rxa4 51. Rxh5 Kg6 52. Rb5 Kf6 53. Kf3 Kg6 54. Kg2 Kh6 55. Kh3 Kg6 56. Rc5 Rb4 57. Rc6+ Kg5 58. Rc3 Ra4 59. g4 Rb4 60. Rc5+ Kg6 61. Kh4 Rf4 62. Rc6+ Rf6 63. Rxf6+ Kxf6 64. Kh5 Kg7 65. Kg5 Kh7 66. Kf6 Kh6 67. g5+ Kh7 68. Kf7 Kh8 69. Kg6 Kg8 70. Kh6 Kf7 71. Kh7 Kf8 72. g6 Ke7 73. g7 Kd7 74. g8Q Kd6 75. Qe8 Kc5 76. Kg6 Kd4 77. Kf5 Kd5 78. Qd8+ Kc6 79. Qd4 Kb5 80. Qc3 Kb6 81. Ke5 Kb7 82. Kd6 Kb8 83. Qg7 Ka8 84. Kc6 Kb8 85. Qb7# 1-0

[Event "AUS-ch U12"]
[Site "Mooroolbark"]
[Date "2011.01.21"]
[Round "6"]
[White "Behar, Joshua"]
[Black "Lapitan, Daniel"]
[Result "1/2-1/2"]
[WhiteElo "1390"]
[BlackElo "1413"]
[PlyCount "67"]
[EventDate "2011.01.19"]
[EventType "swiss"]
[EventRounds "9"]
[EventCountry "AUS"]
[SourceTitle "EXT 2013"]
[Source "ChessBase"]
[SourceDate "2012.11.22"]
[SourceVersion "1"]
[SourceVersionDate "2012.11.22"]
[SourceQuality "1"]

1. e4 c5 2. Nf3 e6 3. d4 cxd4 4. Nxd4 Nf6 5. Nc3 d6 6. Be3 Be7 7. Be2 Nc6 8. Nf3 0-0 9. 0-0 a6 10. a4 Ng4 11. Bf4 e5 12. Bg3 Be6 13. Qd2 Rc8 14. Bd3 Kh8 15. Rad1 Nh6 16. Rfe1 Qb6 17. b3 Nb4 18. Rc1 Nxd3 19. Qxd3 f5 20. Nd5 Bxd5 21. Qxd5 g5 22. Qe6 Bf6 23. exf5 Rce8 24. Qd5 Nxf5 25. Qe4 Ne7 26. Qd3 h5 27. Qe2 Nf5 28. Qd3 Nxg3 29. hxg3 g4 30. Nd2 Bg5 31. Qe2 d5 32. Rcd1 e4 33. Nf1 d4 34. Qc4 1/2-1/2

[Event "AUS-ch U12"]
[Site "Mooroolbark"]
[Date "2011.01.21"]
[Round "5"]
[White "Lapitan, Daniel"]
[Black "Loh, Zachary"]
[Result "1-0"]
[WhiteElo "1413"]
[BlackElo "1622"]
[PlyCount "57"]
[EventDate "2011.01.19"]
[EventType "swiss"]
[EventRounds "9"]
[EventCountry "AUS"]
[SourceTitle "EXT 2013"]
[Source "ChessBase"]
[SourceDate "2012.11.22"]
[SourceVersion "1"]
[SourceVersionDate "2012.11.22"]
[SourceQuality "1"]

1. e4 e6 2. d4 d5 3. Nd2 Nf6 4. e5 Nfd7 5. Bd3 c5 6. c3 Nc6 7. Ne2 Qb6 8. Nf3 cxd4 9. cxd4 f6 10. Nf4 fxe5 11. dxe5 Ndxe5 12. Nxe5 Bb4+ 13. Kf1 Nxe5 14. Qh5+ Nf7 15. Be3 Qa5 16. a4 Bd7 17. Bd4 Qc7 18. g3 Qd6 19. Bxg7 Rg8 20. Bf6 e5 21. Qxh7 Rf8 22. Nh5 Bc6 23. Bf5 Rh8 24. Bxh8 Qh6 25. Nf6+ Kd8 26. Qxf7 Qxh8 27. Nxd5 Qf8 28. Qc7+ Ke8 29. Bg6+ 1-0

[Event "Surfers Paradise op"]
[Site "Gold Coast"]
[Date "2010.12.28"]
[Round "5"]
[White "Lapitan, Daniel"]
[Black "Zhao, Zong Yuan"]
[Result "0-1"]
[WhiteElo "1638"]
[BlackElo "2586"]
[PlyCount "100"]
[EventDate "2010.12.26"]
[EventType "swiss"]
[EventRounds "9"]
[EventCountry "AUS"]
[SourceTitle "CBM 140 Extra"]
[Source "ChessBase"]
[SourceDate "2011.03.01"]
[SourceVersion "1"]
[SourceVersionDate "2011.03.01"]
[SourceQuality "1"]

1. e4 e6 2. d4 d5 3. Nd2 Nf6 4. e5 Nfd7 5. Bd3 c5 6. c3 Nc6 7. Ne2 cxd4 8. cxd4 f6 9. Nf4 Nxd4 10. Qh5+ Ke7 11. Ng6+ hxg6 12. exf6+ Kxf6 13. Qxh8 Kf7 14. h4 Nc5 15. Bb1 Qf6 16. 0-0 Bd7 17. Re1 Rc8 18. h5 gxh5 19. Qxh5+ g6 20. Qd1 Bd6 21. Nf3 Nxf3+ 22. Qxf3 Qxf3 23. gxf3 e5 24. Bd2 d4 25. Bb4 b6 26. a4 a5 27. Ba3 Kf6 28. Kg2 Be6 29. Bc2 Bd5 30. Be4 Bb3 31. Rec1 Rd8 32. Bxc5 bxc5 33. Bd3 Rb8 34. Bb5 Ke6 35. Bd3 Rb4 36. Kf1 c4 37. Bc2 Bxc2 38. Rxc2 Kd5 39. Ra2 d3 40. Rd2 Kd4 41. Kg2 Rb8 42. Kf1 Rh8 43. Kg2 Bb4 44. Rd1 d2 45. Raa1 Kd3 46. Rab1 Ke2 47. Kg3 Rf8 48. Kg2 Rxf3 49. Rf1 e4 50. Kg1 Bc5 0-1

[Event "Surfers Paradise op"]
[Site "Gold Coast"]
[Date "2010.12.26"]
[Round "2"]
[White "Nakauchi, Gene"]
[Black "Lapitan, Daniel"]
[Result "1-0"]
[WhiteElo "2128"]
[BlackElo "1638"]
[PlyCount "59"]
[EventDate "2010.12.26"]
[EventType "swiss"]
[EventRounds "9"]
[EventCountry "AUS"]
[SourceTitle "CBM 140 Extra"]
[Source "ChessBase"]
[SourceDate "2011.03.01"]
[SourceVersion "1"]
[SourceVersionDate "2011.03.01"]
[SourceQuality "1"]

1. d4 Nf6 2. c4 g6 3. g3 Bg7 4. Bg2 0-0 5. Nf3 d6 6. 0-0 Nbd7 7. Nc3 e5 8. e4 Ne8 9. Re1 exd4 10. Nxd4 Ne5 11. b3 f5 12. exf5 Bxf5 13. Nxf5 Rxf5 14. Be3 Nf3+ 15. Bxf3 Bxc3 16. Bd5+ Kh8 17. Bd4+ Bxd4 18. Qxd4+ Qf6 19. Qxf6+ Nxf6 20. Bxb7 Rb8 21. Bg2 Nd7 22. Re7 Ne5 23. Rxc7 Rbf8 24. f4 Nf7 25. Rxa7 g5 26. fxg5 Nxg5 27. Ra8 Rf2 28. Rxf8+ Rxf8 29. Bd5 Kg7 30. Kg2 1-0

[Event "Doeberl Cup Major 48th"]
[Site "Canberra"]
[Date "2010.04.05"]
[Round "7"]
[White "Humphreys, Scott"]
[Black "Lapitan, Daniel"]
[Result "0-1"]
[WhiteElo "1365"]
[BlackElo "1364"]
[PlyCount "88"]
[EventDate "2010.04.02"]
[EventType "swiss"]
[EventRounds "7"]
[EventCountry "AUS"]
[SourceTitle "EXT 2012"]
[Source "ChessBase"]
[SourceDate "2011.11.24"]
[SourceVersion "1"]
[SourceVersionDate "2011.11.24"]
[SourceQuality "1"]

1. f4 d5 2. Nf3 Bg4 3. e3 Bxf3 4. Qxf3 Nf6 5. g4 Qd7 6. h3 Nc6 7. g5 Ng8 8. h4 e6 9. b3 0-0-0 10. Bb2 Kb8 11. d3 f6 12. Bh3 Bd6 13. Qg4 f5 14. Qg3 Re8 15. d4 Nb4 16. Rh2 h6 17. a3 Nc6 18. Nd2 hxg5 19. hxg5 g6 20. Kf2 Rh5 21. Rah1 Qe7 22. b4 a5 23. c4 dxc4 24. b5 Na7 25. a4 Ba3 26. Nxc4 Bxb2 27. Nxb2 Qa3 28. Rb1 Qa2 29. Rhh1 Nc8 30. Qg1 Nd6 31. Qc1 Ne4+ 32. Kf3 Qd5 33. Bg2 Nxg5+ 34. Kg3 Ne4+ 35. Bxe4 Qxe4 36. Rxh5 gxh5 37. Qg1 Nf6 38. Kf2 Rg8 39. Qc1 Rg2+ 40. Ke1 Rg1+ 41. Kd2 Rxc1 42. Rxc1 Qg2+ 43. Kc3 Ne4+ 44. Kb3 h4 0-1

[Event "Doeberl Cup Major 48th"]
[Site "Canberra"]
[Date "2010.04.02"]
[Round "1"]
[White "Lapitan, Daniel"]
[Black "Selnes, Hamish"]
[Result "0-1"]
[WhiteElo "1364"]
[BlackElo "1690"]
[PlyCount "116"]
[EventDate "2010.04.02"]
[EventType "swiss"]
[EventRounds "7"]
[EventCountry "AUS"]
[SourceTitle "EXT 2012"]
[Source "ChessBase"]
[SourceDate "2011.11.24"]
[SourceVersion "1"]
[SourceVersionDate "2011.11.24"]
[SourceQuality "1"]

1. e4 e6 2. d4 d5 3. Nd2 c5 4. exd5 exd5 5. Ngf3 Nc6 6. Bb5 Bd6 7. 0-0 Nge7 8. Re1 0-0 9. dxc5 Bxc5 10. Nb3 Bd6 11. Bg5 f6 12. Be3 Bg4 13. h3 Bh5 14. Bc5 Re8 15. c4 a6 16. cxd5 Bxc5 17. Nxc5 axb5 18. dxc6 bxc6 19. Ne6 Qc8 20. Nf4 Bf7 21. a3 Nd5 22. Rxe8+ Qxe8 23. Nxd5 Bxd5 24. Qd2 Qg6 25. Kh2 Re8 26. Re1 Rxe1 27. Qxe1 Qe4 28. Qc3 Kf7 29. b4 Qf4+ 30. Kg1 Qc4 31. Qe3 Qe4 32. Qc3 Qf5 33. Kh2 g5 34. Kg1 h5 35. Qe3 Bxf3 36. gxf3 Qxh3 37. Qb3+ Qe6 38. Qd3 Kg7 39. Qd4 g4 40. Qa7+ Kg6 41. Qa8 gxf3 42. Kh2 Qe5+ 43. Kh3 Qf5+ 44. Kh2 Qf4+ 45. Kh1 Qh4+ 46. Kg1 Qg4+ 47. Kf1 Qg2+ 48. Ke1 Qg1+ 49. Kd2 Qxf2+ 50. Kc3 Qe3+ 51. Kb2 f2 52. Qg8+ Kf5 53. Qh7+ Kg4 54. Qg6+ Qg5 55. Qe4+ Kg3 56. Qd3+ Kh2 57. Kc2 f1Q 58. Qxf1 Qg2+ 0-1

[Event "AUS-ch U12"]
[Site "Adelaide"]
[Date "2009.01.12"]
[Round "10"]
[White "Lapitan, Daniel"]
[Black "Gray, Callum James"]
[Result "1-0"]
[WhiteElo "1245"]
[BlackElo "1081"]
[PlyCount "131"]
[EventDate "2009.01.02"]
[EventType "swiss"]
[EventRounds "11"]
[EventCountry "AUS"]
[SourceTitle "CBM 128 Extra"]
[Source "ChessBase"]
[SourceDate "2009.03.05"]
[SourceVersion "2"]
[SourceVersionDate "2009.03.25"]
[SourceQuality "1"]

1. e4 e5 2. d4 exd4 3. c3 Nf6 4. Qxd4 Nc6 5. Qe3 b6 6. Bc4 Bc5 7. Qe2 Qe7 8. Nd2 Bb7 9. Ngf3 Na5 10. Bd3 Nc6 11. 0-0 0-0 12. b4 Bd6 13. Nc4 Ne5 14. Ncxe5 Bxe5 15. Bb2 c6 16. Nxe5 Qxe5 17. c4 Qe6 18. e5 Ne8 19. f4 d6 20. f5 Qd7 21. e6 fxe6 22. fxe6 Qe7 23. Rxf8+ Qxf8 24. e7 Qf7 25. Rf1 Nf6 26. Bxf6 gxf6 27. Qg4+ Kh8 28. Qd7 Re8 29. Qxb7 Rxe7 30. Qc8+ Re8 31. Qxc6 Qe7 32. Qf3 Kg7 33. Qg4+ Kh8 34. Qf5 a6 35. Qxf6+ Qxf6 36. Rxf6 Re1+ 37. Rf1 Re3 38. Rd1 Kg7 39. Kf2 Re5 40. Be2 Re6 41. a4 Kf6 42. Bg4 Re4 43. Be2 Ke5 44. Rd5+ Ke6 45. Kf3 Re5 46. Rxe5+ Kxe5 47. Kg4 Kd4 48. Kf5 Kc3 49. Ke6 Kxb4 50. Kxd6 Kxa4 51. Kc6 Kb4 52. Kxb6 a5 53. c5 a4 54. Bg4 a3 55. Be6 Kc3 56. c6 Kb2 57. c7 a2 58. Bxa2 Kxa2 59. c8Q Ka1 60. Qc2 h5 61. Qf2 h4 62. Kb5 h3 63. gxh3 Kb1 64. Kb4 Kc1 65. Kc3 Kd1 66. Qd2# 1-0

[Event "AUS-ch U12"]
[Site "Adelaide"]
[Date "2009.01.11"]
[Round "9"]
[White "Lapitan, Daniel"]
[Black "Zhang, Daniel"]
[Result "0-1"]
[WhiteElo "1245"]
[BlackElo "763"]
[PlyCount "72"]
[EventDate "2009.01.02"]
[EventType "swiss"]
[EventRounds "11"]
[EventCountry "AUS"]
[SourceTitle "CBM 128 Extra"]
[Source "ChessBase"]
[SourceDate "2009.03.05"]
[SourceVersion "2"]
[SourceVersionDate "2009.03.25"]
[SourceQuality "1"]

1. e4 c5 2. Nf3 d6 3. d4 cxd4 4. Nxd4 Nf6 5. f3 a6 6. c4 e5 7. Nc2 Be6 8. Nc3 Qc7 9. Ne3 Nbd7 10. Be2 Be7 11. 0-0 0-0 12. Qd2 Rac8 13. a3 Rfd8 14. Ncd5 Bxd5 15. cxd5 Nc5 16. Bc4 Nfd7 17. Nf5 Bf8 18. Qg5 Kh8 19. Be3 Nxe4 20. Bd3 Nxg5 21. Bxg5 f6 22. Be3 Nc5 23. Bc2 g6 24. Ng3 f5 25. f4 Nd7 26. Rac1 Qa5 27. fxe5 dxe5 28. Rfd1 f4 29. Bd2 Qb6+ 30. Kh1 fxg3 31. hxg3 Qxb2 32. Bg5 Re8 33. Ba4 Rxc1 34. Bxc1 Qe2 35. Kg1 Bc5+ 36. Kh2 Qh5# 0-1

[Event "AUS-ch U12"]
[Site "Adelaide"]
[Date "2009.01.03"]
[Round "2"]
[White "Thomas, Caleb"]
[Black "Lapitan, Daniel"]
[Result "0-1"]
[WhiteElo "845"]
[BlackElo "1245"]
[PlyCount "158"]
[EventDate "2009.01.02"]
[EventType "swiss"]
[EventRounds "11"]
[EventCountry "AUS"]
[SourceTitle "CBM 128 Extra"]
[Source "ChessBase"]
[SourceDate "2009.03.05"]
[SourceVersion "2"]
[SourceVersionDate "2009.03.25"]
[SourceQuality "1"]

1. e4 c5 2. Nf3 Nc6 3. d4 cxd4 4. Nxd4 Nf6 5. Nc3 e5 6. Ndb5 d6 7. Bg5 a6 8. Na3 b5 9. Nd5 Be7 10. Nxf6+ Bxf6 11. Bxf6 Qxf6 12. Qd5 Bb7 13. Rd1 Rd8 14. c4 b4 15. Nc2 Qe7 16. Qd3 0-0 17. Ne3 Nd4 18. Nc2 Qh4 19. Nxd4 exd4 20. Qxd4 Rfe8 21. g3 Qxe4+ 22. Qxe4 Bxe4 23. Rg1 Bf3+ 24. Kd2 Bxd1 25. Kxd1 d5 26. Kc2 d4 27. Bd3 Re6 28. Rc1 Rf6 29. f4 Re8 30. Kd2 Rfe6 31. a4 bxa3 32. bxa3 Re3 33. c5 R3e6 34. c6 g6 35. Bxa6 d3 36. c7 Rxa6 37. c8Q Rxc8 38. Rxc8+ Kg7 39. Rc3 Rb6 40. Kxd3 Rb2 41. h4 Rg2 42. Ke4 Kh6 43. a4 Ra2 44. Rc4 Kh5 45. Kf3 Ra3+ 46. Kf2 Kg4 47. Re4 Ra2+ 48. Ke1 Kxg3 49. Kd1 Kxh4 50. f5+ Kg5 51. fxg6 hxg6 52. Kc1 Kf5 53. Kb1 Ra1+ 54. Kxa1 Kxe4 55. Ka2 Kd5 56. Kb3 Kc5 57. Kc3 f5 58. a5 g5 59. a6 Kb6 60. Kd4 Kxa6 61. Ke5 g4 62. Kxf5 g3 63. Kf4 g2 64. Kf3 g1Q 65. Ke4 Qd1 66. Ke5 Kb5 67. Ke4 Kc4 68. Ke5 Qd5+ 69. Kf4 Qe6 70. Kf3 Kd3 71. Kf4 Qe4+ 72. Kg5 Qf3 73. Kg6 Ke4 74. Kg5 Qf5+ 75. Kh6 Qg4 76. Kh7 Qg1 77. Kh8 Kf5 78. Kh7 Kf6 79. Kh6 Qh2# 0-1